JR定期在来線特急が走らない路線クイズ - Statistics

General Stats
  • This quiz has been taken 229 times
  • The average score is 60 of 86
Answer Stats
Answer % Correct
留萌本線
87%
日高本線
83%
磐越東線
81%
磐越西線
81%
八高線
81%
釧網本線
80%
札沼線
80%
山田線
80%
横浜線
80%
水郡線
79%
南武線
79%
水戸線
78%
仙石線
77%
陸羽東線
77%
陸羽西線
77%
両毛線
77%
相模線
77%
大湊線
76%
八戸線
76%
五能線
76%
太多線
76%
芸備線
76%
仙山線
75%
鶴見線
75%
名松線
75%
呉線
75%
花輪線
74%
武豊線
74%
川越線
73%
五日市線
73%
青梅線
73%
草津線
73%
奈良線
73%
左沢線
72%
小野田線
72%
和歌山線
71%
姫新線
71%
北上線
70%
気仙沼線
70%
米坂線
70%
参宮線
70%
小浜線
70%
釜石線
69%
男鹿線
69%
石巻線
69%
烏山線
69%
加古川線
69%
予土線
69%
鹿島線
68%
久留里線
68%
桜井線
68%
赤穂線
68%
大船渡線
67%
只見線
67%
弥彦線
67%
宇部線
67%
鳴門線
67%
東金線
66%
木次線
66%
津山線
66%
美祢線
66%
越後線
65%
牟岐線
65%
唐津線
65%
日光線
64%
岩徳線
64%
片町線
63%
飯山線
62%
小海線
61%
城端線
61%
福塩線
61%
三角線
61%
吉都線
61%
氷見線
60%
筑肥線
60%
越美北線
59%
境線
59%
吉備線
59%
日田彦山線
59%
肥薩線
59%
JR東西線
59%
根岸線
58%
桜島線
58%
可部線
58%
後藤寺線
54%
香椎線
53%
No matching quizzes found
Score Distribution
Percent of People with Each Score
Percentile by Number Answered
Your Score History
You have not taken this quiz